| 000 | 00583nam a2200205Ia 4500 | ||
|---|---|---|---|
| 003 | GCL | ||
| 008 | 140319s9999 xx 000 0 ara d | ||
| 040 |
_aGCL / _cGCL |
||
| 082 | 0 | 4 |
_a891.8503 _bش ج |
| 100 | 1 | _aحسين العودات | |
| 245 | 1 | 0 |
_aالجبناء (رواية) / _cحسين العودات |
| 700 | 1 | _aعيسى عصفور (مترجم) | |
| 700 | 1 | _aشكنودبسكى، جوزيف | |
| 300 | _a573 ص | ||
| 490 | _a | ||
| 650 | 0 | 4 | _aالادب |
| 650 | 0 | 4 | _aالادب التشيكى |
| 650 | 0 | 4 | _aالادب التشيكى المترجم |
| 942 |
_2ddc _cBK |
||
| 999 |
_c41089 _d41089 |
||